[Event "Bhopal Unicorn op 1st"]
[Site "Bhopal"]
[Date "2024.07.13"]
[Round "2"]
[White "Delwar, Dharmesh"]
[Black "Wajih, Nassir"]
[Result "0-1"]
[WhiteElo "1675"]
[BlackElo "2140"]
[PlyCount "48"]
[EventDate "2024.07.13"]
[EventType "swiss"]
[EventRounds "9"]
[EventCountry "IND"]
[SourceTitle "CBM 221 Extra"]
[Source "ChessBase"]
[SourceDate "2024.09.30"]
[SourceVersion "1"]
[SourceVersionDate "2024.09.30"]
[SourceQuality "1"]

1. e4 c5 2. Nc3 Nc6 3. Bb5 d6 4. Bxc6+ bxc6 5. f4 g6 6. Nf3 Bg7 7. 0-0 Nf6 8. d3 0-0 9. Qe1 c4 10. d4 c5 11. dxc5 Bb7 12. e5 dxe5 13. fxe5 Nd7 14. e6 Nxc5 15. exf7+ Rxf7 16. Be3 Qc7 17. Rd1 e6 18. Nb5 Qc6 19. Nd6 Rd7 20. Bxc5 Qxc5+ 21. Qf2 Qxf2+ 22. Rxf2 Bxf3 23. gxf3 Rad8 24. Rfd2 Bh6 0-1